000 00253nam a22001217a 4500
003 SGT
082 _a370
_bBHA
100 _aBHATANGAR, PUSHPLATA
245 _aHINDI VYAKARAN PLALV
260 _aDELHI
_bI V PUB
_c2009
300 _a392
942 _2ddc
_cBK
999 _c19028
_d19028